Normal view
MARC view
- Shibli Nomani
Entry Personal Name
001 - CONTROL NUMBER
- control field: 127803
003 - CONTROL NUMBER IDENTIFIER
- control field: NUST
005 - DATE AND TIME OF LATEST TRANSACTION
- control field: 20250210124456.0
008 - FIXED-LENGTH DATA ELEMENTS
- fixed length control field: 250210|| aca||aabn | a|a d
040 ## - CATALOGING SOURCE
- Original cataloging agency: NUST
- Transcribing agency: NUST
100 ## - HEADING--PERSONAL NAME
- Personal name: Shibli Nomani
670 ## - SOURCE DATA FOUND
- Source citation: Work cat.: (NUST): Shibli Nomani, She'r ul-Ajam, 2014
